Современное состояние и перспективы развития беспилотных авиационных систем XXI века (Запись № 3797933)

Подробности
000 -МАРКЕР
контрольное поле 01797nam0a2200337 4500
001 - ИДЕНТИФИКАТОР ЗАПИСИ
контрольное поле RU\NLR\bibl\1970042
005 - ИДЕНТИФИКАТОР ВЕРСИИ
контрольное поле 20260412042518.0
021 ## - НОМЕР ГОСУДАРСТВЕННОЙ РЕГИСТРАЦИИ
Код страны Российская Федерация
Номер 2012-84297
Номер Листа государственной регистраци 6239
035 ## - ДРУГИЕ СИСТЕМНЫЕ НОМЕРА
Идентификатор записи (NLR Aleph) 001958899
100 ## - ДАННЫЕ ОБЩЕЙ ОБРАБОТКИ
Данные общей обработки 20121122d2012 u y0rusy50 ca
101 0# - ЯЗЫК РЕСУРСА
Язык текста, звукозаписи и т.д. русский
102 ## - СТРАНА ПУБЛИКАЦИИ ИЛИ ПРОИЗВОДСТВА
Страна публикации Российская Федерация
105 ## - ПОЛЕ КОДИРОВАННЫХ ДАННЫХ: ТЕКСТОВЫЕ МАТЕРИАЛЫ, МОНОГРАФИЧЕСКИЕ
Кодированные данные о монографическом текстовом документе a |||||||||
200 1# - ЗАГЛАВИЕ И СВЕДЕНИЯ ОБ ОТВЕТСТВЕННОСТИ
Основное заглавие Современное состояние и перспективы развития беспилотных авиационных систем XXI века
Сведения, относящиеся к заглавию (аналитический обзор по материалам зарубежных источников)
Первые сведения об ответственности Гос. науч. центр Рос. Федерации, Гос. НИИ авиац. систем (ФГУП "ГосНИИАС"), Науч.-информ. центр
Последующие сведения об ответственности сост. О.С. Титков
-- под общ. ред. РАН Е.А. Федосова
210 ## - ПУБЛИКАЦИЯ, РАСПРОСТРАНЕНИЕ И ДР.
Место издания, распространения и т.д. Москва
Имя издателя, распространителя и т. д. Научно-информационный центр ГосНИИАС
Дата издания, распространения и т.д. 2012
215 ## - ФИЗИЧЕСКАЯ ХАРАКТЕРИСТИКА
Специфическое обозначение материала и объем 195 с.
Другие сведения о физической характеристике цв. ил.
Размеры 26
320 ## - ПРИМЕЧАНИЯ О НАЛИЧИИ В ДОКУМЕНТЕ БИБЛИОГРАФИИ / УКАЗАТЕЛЯ
Текст примечания Библиогр.: с. 191-193 (63 назв.)
606 ## - НАИМЕНОВАНИЕ ТЕМЫ КАК ПРЕДМЕТ
Наименование темы Беспилотные летательные аппараты
Системный номер авторитетной/нормативной записи 2333652
Идентификатор авторитетной/нормативной записи RU\NLR\auth\661395349
686 ## - ИНДЕКСЫ ДРУГИХ КЛАССИФИКАЦИЙ
Индекс О636
702 #1 - ИМЯ ЛИЦА - ВТОРИЧНАЯ ОТВЕТСТВЕННОСТЬ
Начальный элемент ввода Титков
Часть имени, кроме начального элемента ввода О. С.
Код отношения Составитель
702 #1 - ИМЯ ЛИЦА - ВТОРИЧНАЯ ОТВЕТСТВЕННОСТЬ
Код отношения Редактор
Графика поля Кириллица
Материалы, к которым относится поле rus
Начальный элемент ввода Федосов
Часть имени, кроме начального элемента ввода Е. А.
Дополнения к именам, кроме дат д-р техн. наук
Даты 1929-2025
Расширение инициалов личного имени Евгений Александрович
Системный номер авторитетной/нормативной записи 41228
Идентификатор авторитетной/нормативной записи RU\NLR\AUTH\7758296
712 02 - НАИМЕНОВАНИЕ ОРГАНИЗАЦИИ - ВТОРИЧНАЯ ОТВЕТСТВЕННОСТЬ
Код отношения Прочие
Начальный элемент ввода Государственный НИИ авиационных систем
Структурное подразделение Научно-информационный центр
Идентифицирующий признак Москва
Системный номер авторитетной/нормативной записи 557920
Идентификатор авторитетной/нормативной записи RU\NLR\AUTH\8810029672
801 #0 - ИСТОЧНИК ЗАПИСИ
Страна Российская Федерация
Организация NLR
Дата составления 20121122
Правила каталогизации RCR
801 #1 - ИСТОЧНИК ЗАПИСИ
Страна Российская Федерация
Организация NLR
Дата составления 20121122
830 ## - ОБЩЕЕ ПРИМЕЧАНИЕ, СОСТАВЛЕННОЕ КАТАЛОГИЗАТОРОМ
Текст примечания по эк
942 ## - ДОПОЛНИТЕЛЬНЫЕ ЭЛЕМЕНТЫ ЗАПИСИ (АБИС)
Тип экземпляра АБИС Книга
980 ## - КОЛЛЕКЦИЯ
Название коллекции НБР
980 ## - КОЛЛЕКЦИЯ
Название коллекции Национальная библиография

Нет доступных экземпляров.